Almas muertas /

Su protagonista, Chíchikov, pergeña el plan de comprar “almas muertas” –esto es, la propiedad de siervos fallecidos– para así poder pedir un crédito al Estado, con esta propiedad como aval, antes del siguiente censo. El relato de sus andanzas por la Rusia rural, así como de su resultado, es una de l...

Full description

Bibliographic Details
Main Author: Gogol, Nikolai Vasilievich 1809-1852
Format: Libro
Language:Spanish
Published: Madrid Alianza 2008
Series:Literatura 5714
Subjects:
Online Access:

MARC

LEADER 00000cam a2200000 a 4500
001 021772
003 UAHC_CL
005 20170803122031.0
008 081022s2008 sp 000 1 spa
020 |a 9788420649252 
040 |a UAHC_CL  |c UAHC_CL  |d UAHC_CL 
082 0 4 |a 891.73  |b G613  |2 20 
100 1 |a Gogol, Nikolai Vasilievich  |d 1809-1852 
245 1 0 |a Almas muertas /  |c Nikolai Gogol ; Traducción y notas de Augusto Vidal. 
260 |b Alianza  |a Madrid  |c 2008 
300 |a 548 p. 
490 0 |a Literatura  |v 5714 
520 |a Su protagonista, Chíchikov, pergeña el plan de comprar “almas muertas” –esto es, la propiedad de siervos fallecidos– para así poder pedir un crédito al Estado, con esta propiedad como aval, antes del siguiente censo. El relato de sus andanzas por la Rusia rural, así como de su resultado, es una de las cimas de la literatura de este país, en la que se puede apreciar el talento de Gogol no sólo para la sátira, sino también para la descripción de inolvidables caracteres.\La publicación en 1842 de la presente novela, que alcanzó notable repercusión y levantó algún revuelo, le valió a Nikolai Gogol, gran fama y consolidó su reputación de gran narrador. 
521 |a Historia del teatro I 
521 |a Historia del teatro II 
650 4 |a NOVELAS RUSAS 
653 |a OB. ACTUACION TEATRAL 
653 |a ACTUACION TEATRAL 
658 |a Celis, Arturo 
900 |a 891.73 GOG 
942 |c BK 
952 |0 0  |1 0  |4 0  |6 891_730000000000000_GOG  |7 0  |8 General  |9 43106  |a BS  |b BS  |c General  |d 2017-08-03  |l 1  |o 891.73 GOG  |p 1366731  |r 2025-11-26 00:00:00  |s 2019-11-07  |t 1  |w 2017-08-03  |y BK 
952 |0 0  |1 0  |4 0  |6 891_730000000000000_GOG  |7 0  |8 General  |9 43107  |a BS  |b BS  |c General  |d 2017-08-03  |l 0  |o 891.73 GOG  |p 1366732  |r 2017-08-03 00:00:00  |t 2  |w 2017-08-03  |y BK 
999 |c 21772  |d 21772